Normal view
MARC view
- Rodger E.Ziemer,William H Tranter,D.Ronald Fannin
Entry Personal Name
001 - CONTROL NUMBER
- control field: 104936
003 - CONTROL NUMBER IDENTIFIER
- control field: NUST
005 - DATE AND TIME OF LATEST TRANSACTION
- control field: 20221215121324.0
008 - FIXED-LENGTH DATA ELEMENTS
- fixed length control field: 221215|| aca||aabn | a|a d
040 ## - CATALOGING SOURCE
- Original cataloging agency: NUST
- Transcribing agency: NUST
100 ## - HEADING--PERSONAL NAME
- Personal name: Rodger E.Ziemer,William H Tranter,D.Ronald Fannin
670 ## - SOURCE DATA FOUND
- Source citation: Work cat.: (NUST)190845: Rodger E.Ziemer,William H Tranter,D.Ronald Fannin, Signals & Systems, 1998
